[Event "Martinique-ch"]
[Site "Schoelcher"]
[Date "2014.05.24"]
[Round "10"]
[White "Verneuil, Pascal"]
[Black "Ferrant, Daniel"]
[Result "1/2-1/2"]
[WhiteElo "2079"]
[BlackElo "1858"]
[PlyCount "102"]
[EventDate "2014.05.17"]
[EventType "tourn"]
[EventRounds "11"]
[EventCountry "FRA"]
[SourceTitle "CBM 160 Extra"]
[Source "ChessBase"]
[SourceDate "2014.07.01"]
[SourceVersion "1"]
[SourceVersionDate "2014.07.01"]
[SourceQuality "1"]

1. e4 e5 2. Nf3 Nc6 3. Bb5 a6 4. Bxc6 dxc6 5. d3 Bd6 6. Nbd2 Ne7 7. Nc4 Ng6 8. Be3 Be6 9. 0-0 0-0 10. Ng5 h6 11. Nxe6 fxe6 12. Qg4 Rf6 13. Na5 b6 14. Nc4 b5 15. Nd2 Qe7 16. a4 Nf4 17. Bxf4 Rxf4 18. Qe2 Bc5 19. g3 Rf7 20. Kg2 Raf8 21. f3 Qg5 22. Rfe1 Qh5 23. axb5 axb5 24. Ra6 g5 25. h3 Bb6 26. Rea1 Qg6 27. Ra8 h5 28. Rxf8+ Rxf8 29. Rf1 Rf7 30. Nb3 c5 31. c4 c6 32. Ra1 h4 33. Ra8+ Kg7 34. g4 Qf6 35. Qe3 Qe7 36. Rc8 bxc4 37. dxc4 Kf6 38. Rg8 Rg7 39. Rxg7 Qxg7 40. Qd2 Qa7 41. Qd6 Qe7 42. Qxe7+ Kxe7 43. Kf2 Kd6 44. Ke2 Ba7 45. Kd3 Bb6 46. Kc2 Kc7 47. Kb1 Kb7 48. Ka2 Ka6 49. Ka3 Ba7 50. Nc1 Bb8 51. Ka4 Bd6 1/2-1/2